00634nam a22001937a 450000500170000001000150001702000250003203500130005703700130007008200130008310000150009624500920011126000440020327000550024730000220030250000400032465000390036465000370040320100823133218.0 aENG-101275 a9788190722773c50.00 aEN-84808 bDBAD/PUB a378.5482 aChitra, G. aOrigin and growth of muthuranam goverment arts college, Vellore -a study /cby G.Chitra aPolur bTholkappiyan Publicationsc2008 aSoman Illam, No.3/104, S.M.D NagarbPolur e606803 a144p.c20cm (pbk) aIncludes bibliographical references aUniversity and collegezTamil Nadu aEducationxHigher -social aspect